| 000 | 00604cam a22002171 4500 | ||
|---|---|---|---|
| 001 | af 48001065 | ||
| 003 | DLC | ||
| 005 | 20260227110847.0 | ||
| 008 | 900809s1945 it 000 0 ita c | ||
| 010 | _aaf 48001065 | ||
| 035 | _a(OCoLC)22197919 | ||
| 040 |
_aHoover Library _cCSt-H _dDLC |
||
| 042 | _apremarc | ||
| 050 | 0 | 0 |
_aD811 _b.T43 |
| 100 | 1 |
_aTerra, Stefano, _d1916- |
|
| 245 | 1 | 3 | _aIl ritorno del prigioniero. |
| 260 |
_a[Milano] _bEdizioni U, _c1945. |
||
| 300 |
_a182 p. _c18 cm. |
||
| 440 | 0 |
_aCollana della liberazione, _v3 |
|
| 650 | 0 |
_aWorld War, 1939-1945 _xPersonal narratives, Italian. |
|
| 999 |
_c4335 _d4335 |
||